Textile designs of Japan

This book is supposed that nowhere in the world has richer and more varied progress been made than in Japan in the field of textiles. Underneath the whole current flows the creative spirit of the Japanese race. The pattern of thier culture is to be sought in a long succession of ceasless growth with...

Ausführliche Beschreibung

Gespeichert in:
Bibliographische Detailangaben
Format: Buch
Sprache:Undetermined
Veröffentlicht: Osaka, Japan Japan Textile Color Design Center 1967
Schlagworte:
Tags: Tag hinzufügen
Keine Tags, Fügen Sie den ersten Tag hinzu!
Thư viện lưu trữ: Trung tâm Học liệu Trường Đại học Cần Thơ
LEADER 00915nam a2200193Ia 4500
001 CTU_104738
008 210402s9999 xx 000 0 und d
020 |c 106.7 
082 |a 746.752 
082 |b T355/Vol.1 
245 0 |a Textile designs of Japan 
260 |a Osaka, Japan 
260 |b Japan Textile Color Design Center 
260 |c 1967 
520 |a This book is supposed that nowhere in the world has richer and more varied progress been made than in Japan in the field of textiles. Underneath the whole current flows the creative spirit of the Japanese race. The pattern of thier culture is to be sought in a long succession of ceasless growth with the times, and not in any static form attached to the past. Needless to say, it has been continued down to the present days. 
650 |a textile design 
650 |z japan 
904 |i Minh 
980 |a Trung tâm Học liệu Trường Đại học Cần Thơ